|
|
|
|
| LEADER |
00000nab a2200000 a 4500 |
| 001 |
vtls000412133 |
| 003 |
SK-MaSNL |
| 005 |
20260318140844.0 |
| 008 |
230217c1988 xo 0 eng |
| 015 |
|
|
|a SNBRB19rr/mm-uuuuu
|
| 035 |
|
|
|a CL0412258
|
| 035 |
|
|
|a urn:nbn:sk:snk-ab1pzw
|
| 035 |
|
|
|a (urnnbn)urn:nbn:sk:snk:ar-004xu6
|
| 035 |
|
|
|a (uuid)fe26bb9a-19fe-4382-91df-a4b7d9b9cfe1
|
| 040 |
|
|
|a SNKBUCL
|b slo
|c SNKBUCL
|e AACR2
|
| 041 |
0 |
|
|a eng
|
| 044 |
|
|
|a xo
|c SK
|
| 080 |
|
|
|a 519.688:517.518.2:510.52
|2 1981
|
| 080 |
|
|
|a 517.518.2
|2 1981
|
| 080 |
|
|
|a 510.52
|2 1981
|
| 100 |
1 |
|
|a Saxena, P. C.
|4 aut
|9 1155438
|
| 245 |
1 |
0 |
|a An algorithm to find minimal cover of a set of functional dependencies
|c P. C. Saxena, R. C. Tripathi0
|
| 300 |
|
|
|b Res. rus., angl., lit. 14 zázn. v angl.
|
| 650 |
0 |
7 |
|a závislosti funkcionálne
|2 snkbucl
|9 1155439
|
| 650 |
0 |
7 |
|a množiny (matematika)
|2 snkbucl
|9 163144
|
| 650 |
0 |
7 |
|a pseudotransmisia
|2 snkbucl
|9 1155440
|
| 650 |
0 |
7 |
|a algoritmy
|2 snkbucl
|9 3655
|
| 655 |
|
7 |
|a články z novín a časopisov
|2 snkbucl
|9 267496
|
| 700 |
1 |
|
|a Tripathi, R. C.
|4 aut
|9 1155441
|
| 773 |
0 |
|
|t Computers and artificial intelligence
|g Roč. 7, č. 3 (1988), s. 277-285
|
| 850 |
|
|
|a Slovenská národná knižnica v Martine
|a MTA001
|
| 852 |
|
|
|a SNK
|b KIS3GCP
|
| 958 |
|
|
|a RK
|
| 958 |
|
|
|a SK
|
| 958 |
|
|
|a OND
|
| 958 |
|
|
|a EUIPO
|
| 958 |
|
|
|a article27
|
| 992 |
|
|
|a RBX
|
| 999 |
|
|
|c 1961436
|d 1963366
|